Álgebra Lineal. Para estudiantes de ingeniería y ciencias / Juan Carlos del Valle Sotelo (Registro nro. 27724)
[ vista simple ]
| 000 -LÍDER | |
|---|---|
| fixed length control field | 00454nam a2200133 4500 |
| 020 ## - NÚMERO INTERNACIONAL NORMALIZADO PARA LIBROS | |
| ISBN | 978-970-10-6885-4 |
| 050 ## - SIGNATURA TOPOGRAFICA DE LA BIBLIOTECA DEL CONGRESO (LC) | |
| Número de Clasificación | QA184.2 V35 2012 |
| 082 ## - NUMERO DE CLASIFICACION DECIMAL DEWEY | |
| Número de Clasificación | 512.5 V181a 2012 |
| 100 ## - ASIENTO PRINCIPAL--NOMBRE PERSONAL | |
| Nombre personal | Valle Sotelo, Juan Carlos del |
| 245 ## - TÍTULO | |
| Título | Álgebra Lineal. Para estudiantes de ingeniería y ciencias / Juan Carlos del Valle Sotelo |
| 260 ## - PUBLICACIÓN, DISTRIBUCIÓN, ETC. (PIE DE IMPRENTA) | |
| Lugar de publicación, distribución, etc. | México: McGraw-Hill |
| 300 ## - DESCRIPCIÓN FÍSICA | |
| Extensión | xvii,1123 p. / 27 cm. |
| 650 ## - ASIENTO SECUNDARIO DE MATERIA - TERMINO TEMÁTICO | |
| Término temático o nombre geográfico como elemento de entrada | 1. ÁLGEBRA LINEAL / 2. MATEMÁTICAS PARA INGENIEROS |
| No. biblioteca | No. biblioteca | Número de clasificación | Código de barras/Número de adquisición | Número de copia | Tipo de material |
|---|---|---|---|---|---|
| ÁREA DE BÁSICAS | ÁREA DE BÁSICAS | 512.5 V181a 2012 | 52616 | 1 | Libros |
